Hauptstädte, die dem Äquator am nächsten liegen - Sudden Death - Statistiken

Allgemein
  • Dieses Quiz wurde 115 mal gespielt
  • Das Durchschnittsergebnis liegt bei 2 aus 15
Answers on the Grid
Answers color-coded by a green-red scale on the quiz's grid according to % correct below.
Accra
Bandar Seri Begawan
Bangui
Bogotá
Brazzaville
Dodoma
Georgetown
Gitega
Jakarta
Juba
Kampala
Kigali
Kinshasa
Kuala Lumpur
Libreville
Lomé
Malabo
Malé
Mogadischu
Monrovia
Nairobi
Paramaribo
Porto Novo
Quito
São Tomé
Singapur
South Tarawa
Victoria
Yaoundé
Yaren
 
Antwortstatistiken
Antwort % Korrekt
Quito
51%
Nairobi
32%
Kuala Lumpur
26%
São Tomé
23%
Singapur
20%
Kigali
12%
Yaoundé
12%
Kampala
8%
Malé
8%
Libreville
7%
Malabo
5%
Gitega
4%
Mogadischu
3%
Yaren
3%
South Tarawa
0%
Keine übereinstimmenden Quizze gefunden
Verteilung der Resultate
Anzahl Personen mit jedem Resultat
Perzentil nach korrekt beantworteten Fragen
Ihre Resultats-Entwicklung
Sie haben dieses Quiz noch nicht gespielt